Электролитно-плазменная обработка материалов

Bibliografske podrobnosti
Glavni avtor: Куликов И. С. Иван Семенович
Korporativna značnica: Национальная Академия наук Беларуси (НАНБ, НАН Беларуси) Объединенный институт энергетических и ядерных исследований — Сосны (ОИЭЯИ — Сосны)
Drugi avtorji: Ващенко С. В. Светлана Владимировна, Каменев А. Я. Анатолий Яковлевич
Izvleček:В книге обобщены исследования, проведенные авторами за последние годы в области элсктролитно-плазменной обработки металлов и сплавов. Приведены основные особенности данной технологии. Представлены новые научные и практические результаты по использованию электролитно-плазменной технологии для обработки различных материалов.
Jezik:ruščina
Izdano: Минск, Беларуская навука, 2010
Teme:
Format: MixedMaterials Knjiga
KOHA link:https://koha.lib.tpu.ru/cgi-bin/koha/opac-detail.pl?biblionumber=190186

MARC

LEADER 00000nam0a2200000 4500
001 190186
005 20231031175636.0
010 |a 9789850812155 
035 |a (RuTPU)RU\TPU\book\207073 
090 |a 190186 
100 |a 20110118d2010 k y0rusy50 ca 
101 0 |a rus 
102 |a BY 
105 |a a z 001zy 
200 1 |a Электролитно-плазменная обработка материалов  |f И. С. Куликов, С. В. Ващенко, А. Я. Каменев  |g Национальная Академия наук Беларуси (НАНБ, НАН Беларуси), Объединенный институт энергетических и ядерных исследований - Сосны 
210 |a Минск  |c Беларуская навука  |d 2010 
215 |a 232 с.  |c ил. 
320 |a Библиогр.: с. 225-230. 
330 |a В книге обобщены исследования, проведенные авторами за последние годы в области элсктролитно-плазменной обработки металлов и сплавов. Приведены основные особенности данной технологии. Представлены новые научные и практические результаты по использованию электролитно-плазменной технологии для обработки различных материалов. 
606 1 |a Электрохимическая обработка металлов  |2 stltpush  |3 (RuTPU)RU\TPU\subj\20999 
610 1 |a металлы 
610 1 |a металлообработка 
610 1 |a металлические изделия 
610 1 |a поверхности 
610 1 |a электролитно-плазменная обработка 
610 1 |a качество обработки 
610 1 |a электролиты 
610 1 |a составы 
610 1 |a полировка 
610 1 |a энергоемкость 
610 1 |a экономические показатели 
610 1 |a практическое применение 
610 1 |a сплавы 
610 1 |a стальные диски 
610 1 |a очистка 
610 1 |a снижение энергоемкости 
675 |a 621.7.047  |v 3 
700 1 |a Куликов  |b И. С.  |g Иван Семенович 
701 1 |a Ващенко  |b С. В.  |g Светлана Владимировна 
701 1 |a Каменев  |b А. Я.  |g Анатолий Яковлевич 
712 0 2 |a Национальная Академия наук Беларуси (НАНБ, НАН Беларуси)  |b Объединенный институт энергетических и ядерных исследований — Сосны (ОИЭЯИ — Сосны)  |2 stltpush  |3 (RuTPU)RU\TPU\col\18096 
801 1 |a RU  |b 63413507  |c 20110118 
801 2 |a RU  |b 63413507  |c 20120627  |g RCR 
942 |c BK 
959 |a 5/20110118  |d 1  |e 328,90  |f ЧЗТЛ:1